00844nam a2200205 a 450000100100000000500170001000800410002702000180006804000250008608200180011110000350012924501040016426000500026830000280031850000550034650000700040170000340047195201160050599900170062100002519120240226141826.0110211s1998 cl a 000 0 spa d a9789583006685 aDO-SdBNPbspacBNPHU a843.92bV531i1 aVerne, Julio,d1828-19059107313aLa isla misteriosa /cJulio Verne ; texto abreviado Miguel Arteche ; Ilustraciones Andrés Julian. aSantafé de Bogotá :bPanamericana,c1998. a326 p. :bil. ;c20 cm. aLa biblioteca posee la 7ma. reimpresión del 2008 aIncluye datos biográficos del autor en la solapa de la cubierta1 aJulian, Andrés,eil.951674 001050718MOaPDbPDcHDd2011-02-11iLF1l0o843.92 V531ip25191-10r2020-06-25w2020-06-25y1ZNo se presta c24684d24684